Statistiken für Größte deutsche Städte nach Buchstabe - M

Klicken Sie hier um das Quiz zu spielen!

Allgemein

  • Dieses Quiz wurde 1.032 mal gespielt
  • Das Durchschnittsergebnis liegt bei 10 aus 20

Antwortstatistiken

LandEinwohnerStadt% Korrekt
Bayern1.488.202München
100%
Baden-Württemberg309.721Mannheim
91%
Sachsen-Anhalt235.775Magdeburg
89%
Rheinland-Pfalz217.123Mainz
88%
NRW316.403Münster
86%
NRW259.665Mönchengladbach
70%
Hessen76.401Marburg
64%
NRW170.921Mülheim an der Ruhr
60%
NRW81.592Minden
59%
NRW103.487Moers
54%
Bayern44.360Memmingen
44%
Niedersachsen35.457Meppen
33%
NRW84.312Marl
31%
NRW38.749Mettmann
23%
Thüringen35.799Mühlhausen
19%
NRW52.452Menden
18%
NRW41.279Monheim am Rhein
18%
Niedersachsen46.753Melle
15%
NRW56.479Meerbusch
14%
Hessen39.307Maintal
9%

Verteilung der Resultate

Perzentil nach korrekt beantworteten Fragen

Anzahl Personen mit jedem Resultat

Ihre Resultats-Entwicklung

Sie haben dieses Quiz noch nicht gespielt